000 00319nam a22001457a 4500
008 211020b ||||| |||| 00| 0 eng d
020 _a9780321691224
041 _aeng
080 _29th
_a311
082 _a311
100 _a54
101 _aSTA
245 _aIntroductory Statistics
_cWeiss,N.A
942 _2udc
_cBK
999 _c58303
_d58303